| 000 | 00419nam a2200145 4500 | ||
|---|---|---|---|
| 001 | 120587 | ||
| 003 | ES-MaACL | ||
| 007 | t| | ||
| 008 | 070214s1967 sp r ||||1| spa d | ||
| 100 | 1 |
_aPola, Emilio. _992789 |
|
| 245 | 1 | 3 |
_aLa palabra del bosque / _cEmilio Pola. |
| 260 |
_aLlanes : _b[s.n.], _c1967 ( _fGráf. Summa) |
||
| 300 |
_a136 p., 1 lám. : _b`retr. aut.` ; _c19 cm. |
||
| 852 |
_aES-MaACL _jG-4555 _bR.65858 |
||
| 999 |
_c120587 _d120587 |
||